<?xml version="1.0" encoding="UTF-8"?>
<record
    xmlns:xsi="http://www.w3.org/2001/XMLSchema-instance"
    xsi:schemaLocation="http://www.loc.gov/MARC21/slim http://www.loc.gov/standards/marcxml/schema/MARC21slim.xsd"
    xmlns="http://www.loc.gov/MARC21/slim">

  <leader>03296nam a2200529 i 4500</leader>
  <controlfield tag="001">142752</controlfield>
  <controlfield tag="003">FINmELB</controlfield>
  <controlfield tag="005">20241217181712.0</controlfield>
  <controlfield tag="006">m     o  d |      </controlfield>
  <controlfield tag="007">cr cnu||||||||</controlfield>
  <controlfield tag="008">210602s2020    sp      o     000 0 spa d</controlfield>
  <datafield tag="020" ind1=" " ind2=" ">
    <subfield code="a">9788432320026</subfield>
    <subfield code="z">(e-book)</subfield>
  </datafield>
  <datafield tag="020" ind1=" " ind2=" ">
    <subfield code="z">9788432320002</subfield>
  </datafield>
  <datafield tag="035" ind1=" " ind2=" ">
    <subfield code="a">(OCoLC)1257034765</subfield>
  </datafield>
  <datafield tag="040" ind1=" " ind2=" ">
    <subfield code="a">FINmELB</subfield>
    <subfield code="b">spa</subfield>
    <subfield code="e">rda</subfield>
    <subfield code="c">FINmELB</subfield>
  </datafield>
  <datafield tag="050" ind1=" " ind2="4">
    <subfield code="a">RA644.C67</subfield>
    <subfield code="b">D534 2020</subfield>
  </datafield>
  <datafield tag="080" ind1=" " ind2=" ">
    <subfield code="a">330</subfield>
  </datafield>
  <datafield tag="082" ind1="0" ind2="4">
    <subfield code="a">362.1962414</subfield>
    <subfield code="2">23</subfield>
  </datafield>
  <datafield tag="100" ind1="1" ind2=" ">
    <subfield code="a">Di Cesare, Donatella,</subfield>
    <subfield code="e">autor.</subfield>
  </datafield>
  <datafield tag="245" ind1="1" ind2="0">
    <subfield code="a">&#xBF;Virus soberano? :</subfield>
    <subfield code="b">la asfixia capitalista /</subfield>
    <subfield code="c">Donatella Di Cesare ; traducci&#xF3;n Juan Gonz&#xE1;lez-Castelao.</subfield>
  </datafield>
  <datafield tag="264" ind1=" " ind2="1">
    <subfield code="a">Madrid :</subfield>
    <subfield code="b">Siglo XXI Espa&#xF1;a,</subfield>
    <subfield code="c">2020.</subfield>
  </datafield>
  <datafield tag="300" ind1=" " ind2=" ">
    <subfield code="a">1 recurso en l&#xED;nea (92 p&#xE1;ginas)</subfield>
  </datafield>
  <datafield tag="336" ind1=" " ind2=" ">
    <subfield code="a">texto</subfield>
    <subfield code="b">txt</subfield>
    <subfield code="2">rdacontent/spa</subfield>
  </datafield>
  <datafield tag="337" ind1=" " ind2=" ">
    <subfield code="a">computadora</subfield>
    <subfield code="b">c</subfield>
    <subfield code="2">rdamedia/spa</subfield>
  </datafield>
  <datafield tag="338" ind1=" " ind2=" ">
    <subfield code="a">recurso en l&#xED;nea</subfield>
    <subfield code="b">cr</subfield>
    <subfield code="2">rdacarrier/spa</subfield>
  </datafield>
  <datafield tag="490" ind1="1" ind2=" ">
    <subfield code="a">Filosof&#xED;a y pensamiento</subfield>
  </datafield>
  <datafield tag="505" ind1="0" ind2=" ">
    <subfield code="a">P&#xE1;gina legal -- El mal que viene -- Entre c&#xE1;lculos y predicciones. sobre el fin del mundo-- La asfixia capitalista -- Omnipotencia y vulnerabilidad -- Estado de excepci&#xF3;n y virus soberano -- Democracia inmunitaria -- El gobierno de los expertos. ciencia y pol&#xED;tica -- Fobocracia -- &#xBF;Plenos poderes? -- El contagio de la conspiraci&#xF3;n -- Mantener la distancia -- Pandemia ps&#xED;quica -- Confinamiento y vigilancia digital -- Crueldad despiadada del crecimiento -- El confinamiento de las v&#xED;ctimas -- La cat&#xE1;strofe de la respiraci&#xF3;n. &#xBF;indemnes?.</subfield>
  </datafield>
  <datafield tag="520" ind1=" " ind2=" ">
    <subfield code="a">El coronavirus es un virus soberano que traspasa los muros patri&#xF3;ticos, las arrogantes fronteras de los soberanistas. Y revela con toda su terrible crudeza la l&#xF3;gica inmunitaria que excluye a los m&#xE1;s d&#xE9;biles. La diferencia entre protegidos e indefensos, que desaf&#xED;a toda idea de justicia, no ha sido nunca tan evidente. El virus ha puesto al descubierto la crueldad del capitalismo y muestra la imposibilidad de salvarse si no es con ayuda mutua, obligando a pensar una nueva forma de vivir juntos. Un incisivo an&#xE1;lisis del acontecimiento hist&#xF3;rico que ya ha marcado el siglo XXI. Desde la cuesti&#xF3;n ecol&#xF3;gica hasta el gobierno de expertos, desde el estado de alarma hasta la democracia inmunitaria, desde el dominio del miedo hasta el contagio de la conspiraci&#xF3;n, desde la distancia impuesta hasta el control digital: c&#xF3;mo est&#xE1; cambiando la existencia, cu&#xE1;les pueden ser los efectos pol&#xED;ticos en el futuro.</subfield>
  </datafield>
  <datafield tag="588" ind1=" " ind2=" ">
    <subfield code="a">Descripci&#xF3;n basada en metadatos suministrados por el editor y otras fuentes.</subfield>
  </datafield>
  <datafield tag="590" ind1=" " ind2=" ">
    <subfield code="a">Recurso electr&#xF3;nico. Santa Fe, Arg.: elibro, 2021. Disponible v&#xED;a World Wide Web. El acceso puede estar limitado para las bibliotecas afiliadas a elibro.</subfield>
  </datafield>
  <datafield tag="650" ind1=" " ind2="0">
    <subfield code="a">Capitalism.</subfield>
  </datafield>
  <datafield tag="650" ind1=" " ind2="4">
    <subfield code="a">Virus.</subfield>
  </datafield>
  <datafield tag="650" ind1=" " ind2="4">
    <subfield code="a">Pandemia.</subfield>
  </datafield>
  <datafield tag="650" ind1=" " ind2="4">
    <subfield code="a">Crisis econ&#xF3;micas y capitalismo.</subfield>
  </datafield>
  <datafield tag="650" ind1=" " ind2="4">
    <subfield code="a">Capitalismo.</subfield>
  </datafield>
  <datafield tag="650" ind1=" " ind2="0">
    <subfield code="a">Virus diseases.</subfield>
  </datafield>
  <datafield tag="650" ind1=" " ind2="0">
    <subfield code="a">Pandemics.</subfield>
  </datafield>
  <datafield tag="650" ind1=" " ind2="0">
    <subfield code="a">Financial crises.</subfield>
  </datafield>
  <datafield tag="655" ind1=" " ind2="4">
    <subfield code="a">Libros electr&#xF3;nicos.</subfield>
  </datafield>
  <datafield tag="700" ind1="1" ind2=" ">
    <subfield code="a">Gonz&#xE1;lez-Castelao, Juan,</subfield>
    <subfield code="e">traductor.</subfield>
  </datafield>
  <datafield tag="797" ind1="2" ind2=" ">
    <subfield code="a">elibro, Corp.</subfield>
  </datafield>
  <datafield tag="830" ind1=" " ind2="0">
    <subfield code="a">Filosof&#xED;a y pensamiento.</subfield>
  </datafield>
  <datafield tag="856" ind1="4" ind2="0">
    <subfield code="u">https://elibro.net/ereader/politecnicointernacional/169258</subfield>
  </datafield>
  <datafield tag="999" ind1=" " ind2=" ">
    <subfield code="c">142752</subfield>
    <subfield code="d">142752</subfield>
  </datafield>
</record>
